[Event "SVM_Verbandsliga_West_2023-24"]
[Site "?"]
[Date "2023.12.10"]
[Round "4.8"]
[White "Naufal, Aqil Ainuddin"]
[Black "Fournell, Udo"]
[Result "1-0"]
[WhiteElo "1657"]
[BlackElo "1788"]
[PlyCount "39"]
[EventDate "2023.09.03"]
[EventType "team-tourn"]
[EventRounds "9"]
[EventCountry "GER"]
[WhiteTeam "SF Brand 1"]
[BlackTeam "PTSV Aachen 1"]

1. Nf3 Nf6 2. c4 c5 3. g3 d5 4. cxd5 Nxd5 5. d4 cxd4 6. Bg2 Nb4 7. O-O N8c6 8. a3 Na6 9. b4 Nc7 10. Qd3 a6 11. Bb2 e5 12. e3 dxe3 13. Qxe3 f6 14. Nc3 Be6 15. Rad1 Qe7 16. Ne4 Qf7 17. Nfg5 fxg5 18. Nxg5 Qf6 19. Bxc6+ bxc6 20. Bxe5 1-0

[Event "SVM_Verbandsliga_West_2023-24"]
[Site "?"]
[Date "2023.12.10"]
[Round "4.1"]
[White "Pick, Max"]
[Black "Hüskens, Gerd"]
[Result "0-1"]
[WhiteElo "1853"]
[BlackElo "1816"]
[PlyCount "88"]
[EventDate "2023.09.03"]
[EventType "team-tourn"]
[EventRounds "9"]
[EventCountry "GER"]
[WhiteTeam "SK Kerpen 1"]
[BlackTeam "SG Kohlscheid 1"]

1. d4 Nf6 2. Nf3 g6 3. Nc3 Bg7 4. e4 d6 5. Bc4 O-O 6. Bf4 Bg4 7. Qd2 c5 8. d5 b5 9. Bxb5 Qb6 10. e5 Ne4 11. Nxe4 Qxb5 12. c3 Bxf3 13. gxf3 dxe5 14. Bh6 Nd7 15. h4 f6 16. b3 Bxh6 17. Qxh6 Qd3 18. Qe3 Qxd5 19. Rd1 Qc6 20. Qh6 Rf7 21. h5 Nf8 22. hxg6 Nxg6 23. Rg1 Rg7 24. Qh3 Re8 25. Qd7 Rc8 26. Qxc6 Rxc6 27. Rd7 a6 28. c4 Kf7 29. Rd5 Nf4 30. Rxg7+ Kxg7 31. Rd7 Kf7 32. Rd8 h6 33. Ng3 Ke6 34. Rh8 Nd3+ 35. Kd2 Rd6 36. Ne4 Rd7 37. Kc3 Kf5 38. Rxh6 Kf4 39. Nd2 Nxf2 40. Rh8 Ke3 41. Ne4 Nxe4+ 42. fxe4 Kxe4 43. Rc8 f5 44. b4 Rd3+ 0-1

[Event "SVM_Verbandsliga_West_2023-24"]
[Site "?"]
[Date "2023.12.10"]
[Round "4.2"]
[White "Gronloh, Carsten"]
[Black "Vogel, Heike"]
[Result "1-0"]
[WhiteElo "1947"]
[BlackElo "1996"]
[PlyCount "75"]
[EventDate "2023.09.03"]
[EventType "team-tourn"]
[EventRounds "9"]
[EventCountry "GER"]
[WhiteTeam "SG Kohlscheid 1"]
[BlackTeam "SK Kerpen 1"]

1. c4 e5 2. Nc3 f5 3. g3 Nf6 4. Bg2 g6 5. e3 Bg7 6. Nge2 O-O 7. O-O d6 8. d3 Nc6 9. f4 Be6 10. Nd5 Ne7 11. e4 c6 12. Nxf6+ Bxf6 13. Nc3 Rc8 14. Qe2 b5 15. exf5 gxf5 16. Kh1 bxc4 17. dxc4 e4 18. g4 d5 19. Rd1 Qe8 20. cxd5 cxd5 21. gxf5 Bf7 22. Qa6 Bh5 23. Qe6+ Kh8 24. Nxd5 Rc6 25. Nxf6 Rxe6 26. Nxe8 Nxf5 27. Nc7 Re7 28. Nd5 Bxd1 29. Nxe7 Nxe7 30. Bxe4 Rd8 31. b3 Kg8 32. Be3 Ng6 33. f5 Ne5 34. Bxa7 Ng4 35. b4 Rd2 36. h3 Nh2 37. Rxd1 Rxd1+ 38. Kxh2 1-0

[Event "SVM_Verbandsliga_West_2023-24"]
[Site "?"]
[Date "2023.12.10"]
[Round "4.2"]
[White "Schmitz, Rolf"]
[Black "Johann, Lukas Martin"]
[Result "0-1"]
[WhiteElo "1955"]
[BlackElo "1898"]
[PlyCount "56"]
[EventDate "2023.09.03"]
[EventType "team-tourn"]
[EventRounds "9"]
[EventCountry "GER"]
[WhiteTeam "SK Kerpen 1"]
[BlackTeam "SG Kohlscheid 1"]

1. c4 Nf6 2. Nc3 g6 3. g3 Bg7 4. Bg2 d6 5. d4 O-O 6. Nf3 Nc6 7. O-O Nd7 8. b3 e5 9. e3 Re8 10. Bb2 e4 11. Nd2 f5 12. f3 exf3 13. Rxf3 Nf6 14. Nf1 d5 15. Rc1 Be6 16. Nd2 Nb4 17. Qe2 Bf7 18. a3 Nc6 19. Re1 Nxd4 20. Qf1 Nxf3+ 21. Nxf3 Ng4 22. cxd5 Nxe3 23. Qd3 Nxg2 24. Kxg2 Rxe1 25. Nxe1 Qe7 26. Nf3 Rd8 27. Bc1 Qc5 28. Bg5 Rd6 0-1

[Event "SVM_Verbandsliga_West_2023-24"]
[Site "?"]
[Date "2023.12.10"]
[Round "4.4"]
[White "Orlowski, Julius"]
[Black "Jakubczyk, Dietmar"]
[Result "0-1"]
[WhiteElo "1806"]
[BlackElo "1795"]
[PlyCount "140"]
[EventDate "2023.09.03"]
[EventType "team-tourn"]
[EventRounds "9"]
[EventCountry "GER"]
[WhiteTeam "SG Kohlscheid 1"]
[BlackTeam "SK Kerpen 1"]

1. f4 b6 2. Nf3 Bb7 3. c4 g6 4. Nc3 Bg7 5. d4 e6 6. e4 Ne7 7. Be2 O-O 8. O-O d6 9. Ng5 h6 10. Nh3 Nd7 11. Be3 a6 12. Qd2 f5 13. e5 dxe5 14. fxe5 g5 15. Bxg5 hxg5 16. Qxg5 Nc6 17. Qh5 Qe8 18. Qh4 Qg6 19. Bf3 Rab8 20. Ne2 Qh6 21. Qg3 Qe3+ 22. Kh1 Nxd4 23. Nxd4 Qxd4 24. Rad1 Qxe5 25. Rxd7 Qxg3 26. hxg3 Bxb2 27. Rfd1 Be5 28. Nf4 Bc8 29. Rd8 Bd6 30. R8xd6 cxd6 31. Rxd6 Re8 32. Bh5 Re7 33. Rd8+ Kg7 34. Be8 Kf6 35. Ba4 Rh7+ 36. Kg1 Rc7 37. Bb3 Ra8 38. Rd6 Rb8 39. Rd8 Rcb7 40. Rf8+ Ke7 41. Ng6+ Kd6 42. Nf4 Bd7 43. Rf6 Ke7 44. Rh6 Kd6 45. Kf2 Re8 46. g4 fxg4 47. Kg3 Kc5 48. Rh1 Bc6 49. Rd1 Be4 50. Nh5 Rf7 51. Nf4 a5 52. Nd3+ Bxd3 53. Rxd3 Rg7 54. Rd2 Ra8 55. Re2 Kd6 56. Ba4 e5 57. Rd2+ Kc7 58. Rd5 Re7 59. c5 e4 60. cxb6+ Kxb6 61. Rb5+ Kc7 62. Bd1 e3 63. Be2 Re4 64. Rg5 a4 65. Rc5+ Kd6 66. Rc2 Ra5 67. Bd3 Rd4 68. Rc3 Re5 69. Be2 Rd2 70. Bxg4 e2 0-1

[Event "SVM_Verbandsliga_West_2023-24"]
[Site "?"]
[Date "2023.12.10"]
[Round "4.5"]
[White "Hartl, Jan"]
[Black "Fainberg, Jakob"]
[Result "0-1"]
[WhiteElo "1377"]
[BlackElo "1774"]
[PlyCount "94"]
[EventDate "2023.09.03"]
[EventType "team-tourn"]
[EventRounds "9"]
[EventCountry "GER"]
[WhiteTeam "SK Kerpen 1"]
[BlackTeam "SG Kohlscheid 1"]

1. e4 e5 2. Nc3 Nc6 3. Bc4 Be7 4. d3 Nf6 5. f4 exf4 6. Bxf4 d6 7. Nf3 O-O 8. Qd2 Na5 9. Bb3 Nxb3 10. axb3 b6 11. O-O-O Bb7 12. g4 Qd7 13. Rdg1 a5 14. g5 Ne8 15. h4 b5 16. h5 b4 17. Nd5 Bxd5 18. exd5 Qb5 19. g6 Qxd5 20. gxh7+ Kh8 21. Qe3 Bf6 22. Bg5 a4 23. Bxf6 Nxf6 24. h6 g6 25. Rg5 Qe6 26. Qd4 c5 27. Qf4 Nxh7 28. Re1 Qf6 29. Qxf6+ Nxf6 30. bxa4 Rxa4 31. Kd2 Kh7 32. Rh1 d5 33. Ne5 c4 34. Rf1 Kxh6 35. Rg2 Kg7 36. Rgf2 Ra6 37. d4 Ne4+ 38. Ke3 Nxf2 39. Rxf2 Re8 40. Rxf7+ Kg8 41. Rd7 Ra2 42. Rxd5 Rxb2 43. Kd2 b3 44. Rb5 Rxc2+ 45. Kd1 Rf8 46. Ke1 Ra8 47. Nxg6 Ra1# 0-1

[Event "SVM_Verbandsliga_West_2023-24"]
[Site "?"]
[Date "2023.12.10"]
[Round "4.6"]
[White "Stakenburg, Alexander"]
[Black "Rahi, Zafar"]
[Result "1-0"]
[WhiteElo "1758"]
[BlackElo "1710"]
[PlyCount "73"]
[EventDate "2023.09.03"]
[EventType "team-tourn"]
[EventRounds "9"]
[EventCountry "GER"]
[WhiteTeam "SG Kohlscheid 1"]
[BlackTeam "SK Kerpen 1"]

1. e4 c5 2. Nc3 e6 3. g3 Nc6 4. Bg2 a6 5. Nf3 Qc7 6. O-O Nf6 7. d4 cxd4 8. Nxd4 h6 9. Re1 Be7 10. Nxc6 bxc6 11. e5 Nh7 12. Qg4 Kf8 13. Bf4 d5 14. exd6 Bxd6 15. Bxd6+ Qxd6 16. Rad1 Qc7 17. Qc4 Bb7 18. Qc5+ Qe7 19. Rd6 Nf6 20. Na4 Ne8 21. Rd2 Nf6 22. Red1 g6 23. Rd8+ Ne8 24. Rxa8 Bxa8 25. Rd8 Bb7 26. Qxe7+ Kxe7 27. Rb8 Kd6 28. Rxb7 Nc7 29. Rb6 Nd5 30. Rxa6 Nb4 31. Rb6 Nxa2 32. Rxc6+ Ke7 33. c3 Rd8 34. Rc7+ Kf6 35. Bc6 Nc1 36. b4 g5 37. Rd7 1-0

[Event "SVM_Verbandsliga_West_2023-24"]
[Site "?"]
[Date "2023.12.10"]
[Round "4.7"]
[White "Strack, Rolf"]
[Black "Lagemann, Tobias"]
[Result "1/2-1/2"]
[WhiteElo "1601"]
[BlackElo "1733"]
[PlyCount "114"]
[EventDate "2023.09.03"]
[EventType "team-tourn"]
[EventRounds "9"]
[EventCountry "GER"]
[WhiteTeam "SK Kerpen 1"]
[BlackTeam "SG Kohlscheid 1"]

1. d4 b5 2. Bf4 Bb7 3. e3 e6 4. Nf3 a6 5. Bd3 Nf6 6. h3 c5 7. O-O c4 8. Be2 d5 9. c3 Bd6 10. Ne5 Qc7 11. Nd2 O-O 12. Ndf3 Ne4 13. Qc1 f6 14. Ng4 Nd7 15. Bxd6 Qxd6 16. Nd2 Nxd2 17. Qxd2 f5 18. Nh2 Rf7 19. f4 Nf6 20. Bf3 Ne4 21. Bxe4 dxe4 22. Rf2 Bd5 23. a3 a5 24. Rff1 Rb8 25. Rfc1 Rfb7 26. Nf1 b4 27. axb4 axb4 28. Kh2 bxc3 29. bxc3 Rb2 30. Rc2 Rxc2 31. Qxc2 Qb6 32. Nd2 Qb2 33. Rc1 Qa3 34. Rb1 Rxb1 35. Nxb1 Qb3 36. Qc1 Qa2 37. Nd2 Kf7 38. h4 h6 39. Kh3 Kf6 40. g3 g5 41. Kh2 Kg6 42. Kh3 g4+ 43. Kh2 h5 44. Kg1 Kf6 45. Kf2 Ke7 46. Ke1 Kd6 47. Qb1 Qxb1+ 48. Nxb1 Kc6 49. Kd2 Kb5 50. Kc2 Ka4 51. Kb2 Kb5 52. Na3+ Ka5 53. Nc2 Kb5 54. Ka3 Ka5 55. Nb4 Kb5 56. Nc2 Ka5 57. Nb4 Kb5 1/2-1/2

[Event "SVM_Verbandsliga_West_2023-24"]
[Site "?"]
[Date "2023.12.10"]
[Round "4.8"]
[White "Langen, Ralf"]
[Black "Wöstmann, Mathias"]
[Result "1-0"]
[WhiteElo "1694"]
[BlackElo "1497"]
[PlyCount "93"]
[EventDate "2023.09.03"]
[EventType "team-tourn"]
[EventRounds "9"]
[EventCountry "GER"]
[WhiteTeam "SG Kohlscheid 1"]
[BlackTeam "SK Kerpen 1"]

1. d4 Nf6 2. Nf3 g6 3. e3 Bg7 4. Bd3 O-O 5. O-O d6 6. c4 c5 7. Nc3 a6 8. Qc2 Nc6 9. a3 cxd4 10. exd4 e5 11. d5 Nd4 12. Nxd4 exd4 13. Ne2 Nd7 14. b4 Ne5 15. Bb2 Nxd3 16. Qxd3 Bf5 17. Qd2 Rc8 18. Rac1 d3 19. Ng3 Bxb2 20. Qxb2 Qg5 21. f4 Qg4 22. c5 h5 23. Qf6 d2 24. Nxf5 Qxf5 25. Qxf5 gxf5 26. Rcd1 dxc5 27. bxc5 Rxc5 28. Rxd2 Rd8 29. d6 Rc3 30. Rf3 Rxf3 31. gxf3 f6 32. a4 Kf7 33. Rb2 Rd7 34. Rb6 Ke6 35. Kf2 Rxd6 36. Rxb7 Rd2+ 37. Kg3 a5 38. Rb6+ Kf7 39. Rb5 h4+ 40. Kxh4 Rxh2+ 41. Kg3 Ra2 42. Rxa5 Kg6 43. Ra8 Ra1 44. a5 Kf7 45. a6 Ke7 46. a7 Kd7 47. Rh8 1-0

[Event "SVM_Verbandsliga_West_2023-24"]
[Site "?"]
[Date "2024.01.14"]
[Round "5.1"]
[White "Huhndorf, Arnold"]
[Black "Pick, Max"]
[Result "1-0"]
[WhiteElo "2203"]
[BlackElo "1925"]
[PlyCount "89"]
[EventDate "2024.01.14"]
[EventType "team"]
[WhiteTeam "Turm Bergheim 1"]
[BlackTeam "SK Kerpen 1"]

1. d4 Nf6 2. c4 g6 3. Nc3 Bg7 4. e4 d6 5. h3 Nbd7 6. Nf3 e5 7. d5 Nc5 8. Qc2 a5 9. Bg5 h6 10. Be3 Nfd7 11. Be2 Qe7 12. g4 f5 13. exf5 O-O 14. fxg6 e4 15. Nd2 Ne5 16. Ndxe4 Nxe4 17. Qxe4 Bd7 18. f4 Nxg6 19. Qxe7 Nxe7 20. f5 Rae8 21. Kd2 h5 22. Rhf1 c6 23. Bf3 cxd5 24. Nxd5 Bc6 25. Nc7 Rc8 26. Ne6 Rf7 27. Nxg7 Kxg7 28. b3 Bxf3 29. Rxf3 Nc6 30. g5 Re8 31. Re1 Re5 32. f6+ Kg6 33. h4 d5 34. Bf2 Rxe1 35. Bxe1 dxc4 36. bxc4 Ne5 37. Rc3 Rd7+ 38. Ke2 Rd4 39. Bf2 Rxc4 40. Rxc4 Nxc4 41. Kd3 b5 42. Kd4 a4 43. Kc5 Nb2 44. Kxb5 a3 45. Bc5 1-0

[Event "SVM_Verbandsliga_West_2023-24"]
[Site "?"]
[Date "2024.01.14"]
[Round "5.2"]
[White "Vogel, Heike"]
[Black "Germund, Marlon"]
[Result "1-0"]
[WhiteElo "1996"]
[BlackElo "1953"]
[PlyCount "85"]
[EventDate "2024.01.14"]
[EventType "team"]
[WhiteTeam "SK Kerpen 1"]
[BlackTeam "Turm Bergheim 1"]

1. d4 d5 2. Bf4 Nf6 3. e3 c5 4. Nd2 cxd4 5. exd4 Nc6 6. Ngf3 Bf5 7. Bb5 Qb6 8. Qe2 a6 9. Ba4 e6 10. O-O Be7 11. Ne5 O-O 12. Bxc6 bxc6 13. g4 Nxg4 14. Nxg4 Qxd4 15. Qe3 Qxb2 16. Ne5 Qxc2 17. Rac1 Qxa2 18. Nxc6 Bf6 19. Bg5 Bxg5 20. Qxg5 Bh3 21. Rfe1 Qa4 22. f3 Qb5 23. Kh1 h6 24. Qh4 Qd3 25. Qxh3 Qxd2 26. Rg1 Qf4 27. Rc2 Kh7 28. Rcg2 g6 29. Rg4 Qf6 30. Qg3 Rac8 31. Ne5 Rc3 32. Nd7 Qg7 33. Nxf8+ Qxf8 34. h4 Rc4 35. Rxc4 dxc4 36. Qc7 Kg7 37. Qxc4 Qd6 38. Qc3+ Kh7 39. Qf6 Kg8 40. h5 Qd5 41. hxg6 Qh5+ 42. Kg2 fxg6 43. Rd1 1-0

[Event "SVM_Verbandsliga_West_2023-24"]
[Site "?"]
[Date "2024.01.14"]
[Round "5.3"]
[White "Härtel, Stephan"]
[Black "Schauff, Lutz"]
[Result "1-0"]
[WhiteElo "1958"]
[BlackElo "1974"]
[PlyCount "63"]
[EventDate "2024.01.14"]
[EventType "team"]
[WhiteTeam "Turm Bergheim 1"]
[BlackTeam "SK Kerpen 1"]

1. e4 d6 2. d4 g6 3. g3 Bg7 4. Bg2 Nf6 5. h3 O-O 6. Ne2 e5 7. Be3 exd4 8. Nxd4 d5 9. e5 Ne8 10. Nf3 f6 11. exf6 Nxf6 12. O-O b6 13. c4 Bb7 14. Ng5 Qd7 15. Nc3 h6 16. Nf3 dxc4 17. Qc1 Kh7 18. Ne5 Qc8 19. Qc2 Ne4 20. Nxg6 Kxg6 21. Bxe4+ Kf7 22. Nd5 Nc6 23. Kg2 Na5 24. f3 Rd8 25. Bf5 Qb8 26. Nf4 Rd6 27. Rad1 Qf8 28. Rxd6 Qxd6 29. Be6+ Ke7 30. Rd1 Qc6 31. Rd7+ Ke8 32. Qg6+ 1-0

[Event "SVM_Verbandsliga_West_2023-24"]
[Site "?"]
[Date "2024.01.14"]
[Round "5.4"]
[White "Schmitz, Rolf"]
[Black "Bergmann, Thomas"]
[Result "1/2-1/2"]
[WhiteElo "1955"]
[BlackElo "1815"]
[PlyCount "81"]
[EventDate "2024.01.14"]
[EventType "team"]
[WhiteTeam "SK Kerpen 1"]
[BlackTeam "Turm Bergheim 1"]

1. c4 c5 2. Nc3 Nc6 3. Nf3 Nf6 4. d4 cxd4 5. Nxd4 g6 6. g3 Bg7 7. Bg2 O-O 8. O-O Qb6 9. Nb3 d6 10. Be3 Qd8 11. Rc1 Bd7 12. c5 Ne8 13. Qd2 Qb8 14. Rfd1 Be6 15. Nd4 Nxd4 16. Bxd4 Bxd4 17. Qxd4 dxc5 18. Qxc5 Nd6 19. e4 Rc8 20. Qg5 f6 21. Qe3 Nc4 22. Qe2 Qe5 23. Kh1 g5 24. Rf1 g4 25. f4 gxf3 26. Bxf3 Rd8 27. Rcd1 b5 28. Bg4 a6 29. Bxe6+ Qxe6 30. Nd5 Rac8 31. Rf4 Ne5 32. Rdf1 Rc4 33. b3 Rc6 34. Rf5 Rdc8 35. g4 Rc2 36. Qe3 Ng6 37. a4 Qd6 38. Qh6 Qe6 39. Qe3 Qd6 40. Qh6 Qe6 41. Qe3 1/2-1/2

[Event "SVM_Verbandsliga_West_2023-24"]
[Site "?"]
[Date "2024.01.14"]
[Round "5.5"]
[White "Buller, Ivan"]
[Black "Jakubczyk, Dietmar"]
[Result "1-0"]
[WhiteElo "1867"]
[BlackElo "1795"]
[PlyCount "53"]
[EventDate "2024.01.14"]
[EventType "team"]
[WhiteTeam "Turm Bergheim 1"]
[BlackTeam "SK Kerpen 1"]

1. e4 b6 2. d4 Bb7 3. Nc3 d6 4. f4 e6 5. Nf3 Nd7 6. Bc4 Ne7 7. Qe2 h6 8. O-O c6 9. d5 exd5 10. exd5 c5 11. f5 a6 12. Ne4 Nf6 13. Nxf6+ gxf6 14. a4 Kd7 15. Qd3 Kc7 16. Be3 Qd7 17. Nd2 Nc8 18. Bf4 Na7 19. Ne4 Qc8 20. Qg3 Qd8 21. Bb3 Be7 22. c4 Qf8 23. a5 Kd7 24. axb6 Nc8 25. Ba4+ Kd8 26. Nxc5 Rb8 27. Nd7 1-0

[Event "SVM_Verbandsliga_West_2023-24"]
[Site "?"]
[Date "2024.01.14"]
[Round "5.6"]
[White "Hartl, Jan"]
[Black "Lambertz, Walter"]
[Result "0-1"]
[WhiteElo "1367"]
[BlackElo "1807"]
[PlyCount "76"]
[EventDate "2024.01.14"]
[EventType "team"]
[WhiteTeam "SK Kerpen 1"]
[BlackTeam "Turm Bergheim 1"]

1. e4 e5 2. Nc3 Nf6 3. f4 d5 4. fxe5 Nxe4 5. Qf3 Nxc3 6. bxc3 Be7 7. d4 Be6 8. Bd3 c5 9. Ne2 c4 10. Bf5 Bxf5 11. Qxf5 Qd7 12. Ng3 Bh4 13. Qf4 Bxg3+ 14. Qxg3 Rg8 15. O-O Nc6 16. Qf3 Nd8 17. Ba3 Ne6 18. Qh5 h6 19. h4 g6 20. Qxh6 O-O-O 21. Qe3 Rh8 22. g3 Rh7 23. Rf2 Rdh8 24. Rh2 g5 25. h5 Rxh5 26. Rxh5 Rxh5 27. Rf1 Nd8 28. Bd6 Qh3 29. Kf2 Qf5+ 30. Kg1 Qh3 31. Kf2 Qh2+ 32. Ke1 Qxc2 33. Qf3 Rh2 34. Qg4+ Ne6 35. Rxf7 Rh1+ 36. Rf1 Qc1+ 37. Qd1 Rxf1+ 38. Kxf1 Qxd1+ 0-1

[Event "SVM_Verbandsliga_West_2023-24"]
[Site "?"]
[Date "2024.01.14"]
[Round "5.7"]
[White "Potrafke, Lukas"]
[Black "Rahi, Zafar"]
[Result "1-0"]
[WhiteElo "1728"]
[BlackElo "1710"]
[PlyCount "97"]
[EventDate "2024.01.14"]
[EventType "team"]
[WhiteTeam "Turm Bergheim 1"]
[BlackTeam "SK Kerpen 1"]

1. e4 c5 2. Nf3 e6 3. d4 cxd4 4. Nxd4 Nc6 5. Nc3 a6 6. Be3 Qc7 7. Qd2 b5 8. Be2 Nf6 9. Nxc6 dxc6 10. Bf3 Bb7 11. O-O Be7 12. Rfd1 Rd8 13. Qe1 O-O 14. Ne2 c5 15. Ng3 Bd6 16. Bd2 Be5 17. Ba5 Rxd1 18. Rxd1 Qc8 19. c3 Bc7 20. Bxc7 Qxc7 21. Qd2 h6 22. Kf1 Rc8 23. Qd3 Bc6 24. Be2 Qe5 25. f3 Nd7 26. a4 c4 27. Qe3 Qc5 28. Qd2 bxa4 29. Qd6 Qxd6 30. Rxd6 Bb5 31. f4 Kf8 32. e5 g6 33. Ne4 Ke7 34. Bg4 Rc7 35. Ke1 Rc6 36. Be2 Nb6 37. g3 Rxd6 38. Nxd6 f5 39. h4 Kd7 40. Kd2 Kc7 41. Ke3 Nc8 42. Nxc4 Nb6 43. Nd6 Kc6 44. c4 Kc5 45. cxb5 a5 46. Kd3 Kb4 47. Kc2 a3 48. bxa3+ Kxa3 49. Nc4+ 1-0

[Event "SVM_Verbandsliga_West_2023-24"]
[Site "?"]
[Date "2024.01.14"]
[Round "5.1"]
[White "Hüskens, Gerd"]
[Black "Whitmire, James David"]
[Result "0-1"]
[WhiteElo "1816"]
[BlackElo "1968"]
[PlyCount "124"]
[EventDate "2024.01.14"]
[EventType "team"]
[WhiteTeam "SG Kohlscheid 1"]
[BlackTeam "PTSV Aachen 1"]

1. d4 Nf6 2. c4 c5 3. Nf3 cxd4 4. Nxd4 e5 5. Nc2 d5 6. cxd5 Qxd5 7. Qxd5 Nxd5 8. a3 Be6 9. Bd2 Nd7 10. Nc3 Nc5 11. Nxd5 Bxd5 12. Bc3 Be4 13. Nb4 a5 14. Nd3 Bxd3 15. exd3 O-O-O 16. Rd1 Nb3 17. Be2 f6 18. O-O Bc5 19. Bg4+ Kc7 20. Be6 Nd4 21. Bc4 Ne2+ 22. Kh1 Nxc3 23. bxc3 Bxa3 24. Ra1 Bb2 25. Rxa5 Bxc3 26. Rc5+ Kd6 27. Rb5 Kc7 28. Rfb1 Rb8 29. Bd5 Bd4 30. Rxb7+ Rxb7 31. Rxb7+ Kd6 32. Bc4 Bxf2 33. Rxg7 Kc5 34. Bg8 h5 35. g3 Kd4 36. Kg2 Be3 37. Kf3 Kxd3 38. Bh7+ Kd2 39. h4 Bd4 40. Bg8 f5 41. Rg6 e4+ 42. Kf4 e3 43. Bc4 Rc8 44. Ba6 Rc5 45. Kf3 e2 46. Bxe2 Rc3+ 47. Kf4 Kxe2 48. Kxf5 Rc5+ 49. Ke4 Be3 50. Ra6 Rc4+ 51. Kf5 Kf3 52. Re6 Rc5+ 53. Kg6 Bc1 54. Rd6 Kxg3 55. Rd4 Bf4 56. Ra4 Kg4 57. Rb4 Rc6+ 58. Kf7 Kf5 59. Rb5+ Be5 60. Ra5 Rc7+ 61. Ke8 Ke6 62. Kd8 Rb7 0-1

[Event "SVM_Verbandsliga_West_2023-24"]
[Site "?"]
[Date "2024.01.14"]
[Round "5.2"]
[White "Esser, Thomas"]
[Black "Johann, Lukas Martin"]
[Result "1-0"]
[WhiteElo "2089"]
[BlackElo "1898"]
[PlyCount "105"]
[EventDate "2024.01.14"]
[EventType "team"]
[WhiteTeam "PTSV Aachen 1"]
[BlackTeam "SG Kohlscheid 1"]

1. d4 Nf6 2. Nf3 g6 3. c4 Bg7 4. Nc3 O-O 5. e4 c5 6. d5 e6 7. Be2 exd5 8. exd5 d6 9. O-O Na6 10. Bf4 Nc7 11. a4 b6 12. h3 h6 13. Bd3 a6 14. Qd2 Kh7 15. Rfe1 Rb8 16. b3 b5 17. axb5 axb5 18. Ra7 bxc4 19. bxc4 Re8 20. Rxe8 Nfxe8 21. g4 Rb3 22. Ne2 Ba6 23. Qc2 Rb2 24. Qa4 Rb6 25. Ng3 Kg8 26. Bd2 Qb8 27. Rxc7 Nxc7 28. Ba5 Nxd5 29. Bxb6 Qxb6 30. Qe8+ Bf8 31. Bxg6 Qb7 32. cxd5 fxg6 33. Qxg6+ Qg7 34. Qe4 Bb7 35. Nh4 Qf7 36. Nh5 Bc8 37. Nf4 Bg7 38. Nhg6 Bf6 39. Kg2 Bb7 40. Kg3 Bg5 41. Ne6 Bf6 42. f4 c4 43. f5 c3 44. h4 Ba8 45. g5 hxg5 46. hxg5 Qa7 47. gxf6 Qg1+ 48. Kh4 Qf2+ 49. Kg5 Qg3+ 50. Kh5 c2 51. f7+ Kh7 52. f8=Q Qh3+ 53. Nh4 1-0

[Event "SVM_Verbandsliga_West_2023-24"]
[Site "?"]
[Date "2024.01.14"]
[Round "5.3"]
[White "Freer, Glenn"]
[Black "Brüggemann, Frank"]
[Result "1/2-1/2"]
[WhiteElo "1899"]
[BlackElo "2003"]
[PlyCount "110"]
[EventDate "2024.01.14"]
[EventType "team"]
[WhiteTeam "SG Kohlscheid 1"]
[BlackTeam "PTSV Aachen 1"]

1. e4 c5 2. Nc3 Nc6 3. f4 g6 4. Nf3 Bg7 5. Bc4 d6 6. O-O e6 7. d3 Nge7 8. Bb3 O-O 9. Qe1 a6 10. a4 Bd7 11. Bd2 Nd4 12. Nxd4 Bxd4+ 13. Kh1 Nc6 14. Nd1 b5 15. c3 Bg7 16. Ne3 Na5 17. Bc2 bxa4 18. Bxa4 Bxa4 19. Rxa4 Nb3 20. Ra3 Nxd2 21. Qxd2 d5 22. e5 Qh4 23. g3 Qe7 24. Rfa1 Qb7 25. Kg1 Rfb8 26. Nd1 f6 27. exf6 Bxf6 28. Qe3 Qc6 29. Qf3 Rb6 30. R1a2 Be7 31. Ra4 Bd6 32. Qg4 Re8 33. Nf2 Bf8 34. h4 e5 35. f5 Qb7 36. h5 Bg7 37. hxg6 hxg6 38. fxg6 Ree6 39. Qh4 Rxg6 40. Rg4 Qd7 41. Qh3 Rxg4 42. Nxg4 Qe6 43. Nf2 Qxh3 44. Nxh3 Bh6 45. Nf2 Be3 46. Kg2 Bc1 47. Nd1 Kf7 48. Kf3 Rf6+ 49. Ke2 Rb6 50. Ra1 Bg5 51. Ra5 Be7 52. Ra2 Ke6 53. Kf3 Bg5 54. Ra5 Rc6 55. Ra4 Kf5 {(=)} 1/2-1/2

[Event "SVM_Verbandsliga_West_2023-24"]
[Site "?"]
[Date "2024.01.14"]
[Round "5.4"]
[White "Schulten, Berthold"]
[Black "Kunstek, Walter"]
[Result "1/2-1/2"]
[WhiteElo "1883"]
[BlackElo "1850"]
[PlyCount "41"]
[EventDate "2024.01.14"]
[EventType "team"]
[WhiteTeam "PTSV Aachen 1"]
[BlackTeam "SG Kohlscheid 1"]

1. c4 e5 2. g3 f5 3. Bg2 Nf6 4. Nc3 c6 5. e3 Be7 6. Nge2 O-O 7. O-O Na6 8. a3 d6 9. d3 Be6 10. b4 Qc8 11. Rb1 Nc7 12. b5 cxb5 13. cxb5 Ncd5 14. Nxd5 Nxd5 15. e4 Nc3 16. Nxc3 Qxc3 17. Bb2 Qc7 18. exf5 Bxf5 19. Qb3+ Kh8 20. Rbc1 Qb6 21. Qd5 {(=)} 1/2-1/2

[Event "SVM_Verbandsliga_West_2023-24"]
[Site "?"]
[Date "2024.01.14"]
[Round "5.5"]
[White "Orlowski, Julius"]
[Black "van Orsouw, Niclas"]
[Result "1/2-1/2"]
[WhiteElo "1806"]
[BlackElo "1871"]
[PlyCount "120"]
[EventDate "2024.01.14"]
[EventType "team"]
[WhiteTeam "SG Kohlscheid 1"]
[BlackTeam "PTSV Aachen 1"]

1. Nf3 Nf6 2. c4 g6 3. g3 Bg7 4. Bg2 O-O 5. O-O d6 6. d4 c5 7. e3 Qc7 8. Qb3 Nc6 9. Bd2 Ne4 10. Be1 Bf5 11. Nc3 cxd4 12. Nb5 Qd7 13. Nbxd4 Nc5 14. Qa3 Bd3 15. Bc3 Bxf1 16. Bxf1 Ne4 17. Be1 Ne5 18. Nxe5 dxe5 19. Nf3 Rfd8 20. Nh4 g5 21. Nf3 Qf5 22. Kg2 g4 23. Nh4 Qe6 24. Be2 Nd2 25. Rc1 Bf6 26. Qc3 e4 27. Qa5 Nf3 28. Qh5 Bxh4 29. gxh4 Kh8 30. Bc3+ f6 31. c5 Rd5 32. Qh6 Qf5 33. Bc4 Rxc5 34. Bf7 Ne5 35. Bb3 Nd3 36. Rf1 Rac8 37. Bf7 b5 38. a3 a5 39. h5 Qg5 40. Qxg5 Rxg5 41. Bxa5 Rc2 42. Bd8 Rf5 43. Be6 Rfxf2+ 44. Rxf2 Nxf2 45. h6 Nd1+ 46. Kg3 Rc6 47. Bxg4 Nxe3 48. Be2 Rd6 49. Ba5 Nc4 50. Bb4 Re6 51. a4 Nxb2 52. axb5 Nd3 53. Ba5 f5 54. b6 Rg6+ 55. Kh4 Nc5 56. Bh5 Rxh6 57. Kg5 Rxh5+ 58. Kxh5 Kg7 59. Bb4 Nb7 60. Bxe7 Kf7 {(=)} 1/2-1/2

[Event "SVM_Verbandsliga_West_2023-24"]
[Site "?"]
[Date "2024.01.14"]
[Round "5.6"]
[White "Krohn, Malte Till"]
[Black "Fainberg, Jakob"]
[Result "1-0"]
[WhiteElo "1864"]
[BlackElo "1774"]
[PlyCount "65"]
[EventDate "2024.01.14"]
[EventType "team"]
[WhiteTeam "PTSV Aachen 1"]
[BlackTeam "SG Kohlscheid 1"]

1. d4 d5 2. Nf3 Nf6 3. c4 e6 4. Nc3 b6 5. cxd5 exd5 6. Bg5 Be7 7. e3 O-O 8. Bd3 Bb7 9. Qc2 h6 10. Bf4 a6 11. O-O Nbd7 12. Rfe1 c5 13. b3 Rc8 14. Qb2 c4 15. Bf5 Ra8 16. bxc4 dxc4 17. e4 b5 18. a3 Qb6 19. e5 Nh5 20. Be3 Bxf3 21. gxf3 Qd8 22. Bg4 g6 23. Bxh5 gxh5 24. Bxh6 Re8 25. Kh1 Kh7 26. Qd2 Rg8 27. Rg1 Rg6 28. Rxg6 fxg6 29. Ne4 Qg8 30. Qf4 Qe6 31. Rg1 Rg8 32. Bg5 Bxa3 33. Bf6 1-0

[Event "SVM_Verbandsliga_West_2023-24"]
[Site "?"]
[Date "2024.01.14"]
[Round "5.7"]
[White "Stakenburg, Alexander"]
[Black "Klein, Gernot"]
[Result "1-0"]
[WhiteElo "1743"]
[BlackElo "1718"]
[PlyCount "72"]
[EventDate "2024.01.14"]
[EventType "team"]
[WhiteTeam "SG Kohlscheid 1"]
[BlackTeam "PTSV Aachen 1"]

1. e4 c5 2. Be2 e6 3. d3 Nc6 4. f4 d5 5. Nf3 Be7 6. O-O dxe4 7. dxe4 Nf6 8. Nc3 Qxd1 9. Bxd1 O-O 10. e5 Nd5 11. Ne4 b5 12. c3 Bb7 13. a4 a6 14. Bc2 Rfd8 15. g4 Na5 16. b3 f5 17. gxf5 exf5 18. Neg5 Nxc3 19. Bxf5 h6 20. Ne6 Rd1 21. Rxd1 Nxd1 22. Nd2 Ne3 23. Bh3 c4 24. Nxc4 Nexc4 25. bxc4 bxc4 26. Nc7 Rd8 27. Ba3 Bxa3 28. Rxa3 Rd4 29. f5 Rd1+ 30. Kf2 Kf8 31. Rg3 Rd2+ 32. Ke1 Rd7 33. Ne6+ Kg8 34. f6 g5 35. Nxg5 Rd3 36. Be6+ Kf8 1-0